| 000 | 00664nam a22002417a 4500 | ||
|---|---|---|---|
| 001 | 36596 | ||
| 003 | BD-RjUL | ||
| 005 | 20211209052516.0 | ||
| 008 | 140710s2005 ii a|||| i||| 001 0 eng d | ||
| 020 | _a8188867187 | ||
| 035 | _a(BD-RjUL)36697 | ||
| 040 |
_aBD-RjUL _beng _cBD-RjUL |
||
| 041 | _aeng | ||
| 082 |
_a660.6 _bESS 2005 |
||
| 245 |
_aEssential of biotechnolgy for students / _cedited by Satya N Das |
||
| 250 | _a1st ed. | ||
| 260 |
_aNew Delhi : _bPeepee pub. _cc2004 [Reprint 2005] |
||
| 300 |
_a[xiv],464 p.: _bill _c24cm. |
||
| 500 | _aIncludes Index | ||
| 650 |
_aBiotechnology. _9111519 |
||
| 700 |
_aDas, Satya N _9111523 |
||
| 942 |
_2ddc _cBK |
||
| 999 |
_c36596 _d36596 |
||